| 000 | 00583 a2200169 4500 | ||
|---|---|---|---|
| 003 | Nust | ||
| 005 | 20230217102712.0 | ||
| 040 | _cNust | ||
| 082 | _a604.2,SMI | ||
| 100 |
_aSmith H.P _9109182 |
||
| 245 |
_aDrawing and Tracing / _cH.P Smith |
||
| 260 |
_aLondon _bCrosby |
||
| 300 | _a80p | ||
| 505 | _aIntroduction (Page-1) ,Drawing (Page-7),Tracing (Page-21), Lettering (Page-36), Coloring (Page-48), Erasing (Page-54), Photo prints form tracing (Page-60), Special drafting and notes (Page-63), Detailing (Page-69). | ||
| 650 |
_aDrawing and Tracing _9109183 |
||
| 942 |
_2ddc _cBK |
||
| 999 |
_c183029 _d183029 |
||